Coco y pío / (Registro nro. 3348)

Detalles MARC
000 -LEADER
fixed length control field 00963nam a2200229Ia 4500
003 - CONTROL NUMBER IDENTIFIER
control field OSt
005 - DATE AND TIME OF LATEST TRANSACTION
control field 20200413122839.0
008 - FIXED-LENGTH DATA ELEMENTS--GENERAL INFORMATION
fixed length control field 191128t2012 ck a br 000 j spa d
020 ## - INTERNATIONAL STANDARD BOOK NUMBER
International Standard Book Number 9789588445670
040 ## - CATALOGING SOURCE
Original cataloging agency CO-JMCR
Transcribing agency CO-JMCR
041 0# - LANGUAGE CODE
Language code of text/sound track or separate title spa
082 04 - DEWEY DECIMAL CLASSIFICATION NUMBER
Classification number C /
Item number DEAc
100 1# - MAIN ENTRY--PERSONAL NAME
Personal name Deacon, Alexis,
Dates associated with a name 1978
Relator term autor
9 (RLIN) 2939
245 10 - TITLE STATEMENT
Title Coco y pío /
Statement of responsibility, etc. Alexis Deacon ; traducción de Carmen Diana Dearden
260 ## - PUBLICATION, DISTRIBUTION, ETC.
Place of publication, distribution, etc. Bogotá :
Name of publisher, distributor, etc. Ekaré,
Date of publication, distribution, etc. ©2012
300 ## - PHYSICAL DESCRIPTION
Extent 28 páginas :
Other physical details ilustraciones a color ;
Dimensions 22 cm. x 26 cm.
490 0# - SERIES STATEMENT
Series statement Leer es mi cuento plan nacional de lectrura y escritura
520 ## - SUMMARY, ETC.
Summary, etc. Dos pequeños huevos se resquebrajan uno junto al otro y de ellos nacen un cocodrilo y un pájaro. “Hola, hermano”, se saludan. En adelante Coco y Pío aprenden a hacer todo juntos: comer, volar, flotar como troncos en el agua, cantarle al sol naciente y cui
534 ## - ORIGINAL VERSION NOTE
Introductory phrase Croc and bird
650 ## - SUBJECT ADDED ENTRY--TOPICAL TERM
Topical term or geographic name entry element Cuentos infantiles
9 (RLIN) 2940
942 ## - ADDED ENTRY ELEMENTS (KOHA)
Source of classification or shelving scheme Dewey Decimal Classification
Koha item type Books
Existencias
Withdrawn status Lost status Source of classification or shelving scheme Damaged status Not for loan Collection code Home library Current library Date acquired Source of acquisition Cost, normal purchase price Total Checkouts Total Renewals Full call number Barcode Date last seen Date last checked out Copy number Koha item type
    Dewey Decimal Classification     Fiction Biblioteca Pública José María del Castillo y Rada Biblioteca Pública José María del Castillo y Rada 11/28/2019 Donación 0.00 6 2 C / DEAc 201806998 02/11/2025 02/10/2025 Ej.1 Books